Estatísticas para Linha do tempo da Alemanha com bandeiras

Clique aqui para jogar o quiz

Estatísticas Gerais

  • Esse quiz foi jogado 69 vezes
  • A pontuação média é 3 de 8

Estatísticas das Respostas

Resposta% Correto
Alemanha
72%
Alemanha Nazista
68%
Império Alemão
49%
Sacro Império Romano-Germânico
45%
Alemanha Oriental/Ocidental
43%
Império Alemão
21%
Ocupação dos Aliados
2%
República de Weismar
2%

Distribuição das Pontuações

Percentil de Números Respondidos

Porcentagem de Pessoas com Cada Pontuação

Sua Pontuação Histórica

Você não jogou esse quiz